Sports Quiz

Random Sports or Football Quiz

NFL Last 5+ Passing TD Game by Team Quiz Stats

 Plays Quiz Updated Jan 1, 2019

Challenge
Share
Tweet
Embed
Score 0/32 Timer 06:00
0 Plays Today
Team Player % Correct
New England PatriotsTom Brady
97.2%
Indianapolis ColtsAndrew Luck
96.3%
Los Angeles RamsJared Goff
95.2%
Arizona CardinalsKurt Warner
95%
New Orleans SaintsDrew Brees
94.8%
Green Bay PackersAaron Rodgers
93.5%
Dallas CowboysTony Romo
92.2%
Detroit LionsMatthew Stafford
91.8%
Cincinnati BengalsAndy Dalton
89.8%
Philadelphia EaglesNick Foles
88.3%
Jacksonville JaguarsBlake Bortles
86.7%
Miami DolphinsDan Marino
84.8%
Pittsburgh SteelersBen Roethlisberger
84.6%
New York JetsBrett Favre
83.7%
Seattle SeahawksRussell Wilson
82.4%
San Francisco 49ersJoe Montana
82.3%
Team Player % Correct
Minnesota VikingsDaunte Culpepper
76.6%
Tennessee TitansSteve McNair
75%
New York GiantsEli Manning
74.1%
Buffalo BillsJim Kelly
70.3%
Kansas City ChiefsPatrick Mahomes
67.5%
Tampa Bay BuccaneersJameis Winston
65.4%
Houston TexansDeshaun Watson
65.3%
Los Angeles ChargersDrew Brees
62.1%
Cleveland BrownsDerek Anderson
58.8%
Oakland RaidersKerry Collins
39.5%
Baltimore RavensJoe Flacco
33.2%
Washington RedskinsMark Rypien
32.4%
Denver BroncosPeyton Manning
30.6%
Carolina PanthersCam Newton
26.7%
Atlanta FalconsMatt Ryan
19.4%
Chicago BearsMitchell Trubisky
6.6%

You're not logged in!

Compare scores with friends on all Sporcle quizzes.
OR
Log In

You Might Also Like...

Show Comments

Extras

Top Quizzes Today


Score Distribution

Your Account Isn't Verified!

In order to create a playlist on Sporcle, you need to verify the email address you used during registration. Go to your Sporcle Settings to finish the process.

Report this User

Report this user for behavior that violates our Community Guidelines.

Details: